<?xml version="1.0" encoding="UTF-8"?>
<record
    xmlns:xsi="http://www.w3.org/2001/XMLSchema-instance"
    xsi:schemaLocation="http://www.loc.gov/MARC21/slim http://www.loc.gov/standards/marcxml/schema/MARC21slim.xsd"
    xmlns="http://www.loc.gov/MARC21/slim">

  <leader>03989cam a2200373 i 4500</leader>
  <controlfield tag="001">17770965</controlfield>
  <controlfield tag="003">OSt</controlfield>
  <controlfield tag="005">20260206160641.0</controlfield>
  <controlfield tag="008">130610s2014    nyua     b    001 0 eng  </controlfield>
  <datafield tag="010" ind1=" " ind2=" ">
    <subfield code="a">  2013016195</subfield>
  </datafield>
  <datafield tag="020" ind1=" " ind2=" ">
    <subfield code="a">9781107034730</subfield>
    <subfield code="q">hardback</subfield>
  </datafield>
  <datafield tag="035" ind1=" " ind2=" ">
    <subfield code="a">17770965</subfield>
  </datafield>
  <datafield tag="040" ind1=" " ind2=" ">
    <subfield code="a">DLC</subfield>
    <subfield code="b">eng</subfield>
    <subfield code="c">DLC</subfield>
    <subfield code="e">rda</subfield>
    <subfield code="d">DLC</subfield>
  </datafield>
  <datafield tag="042" ind1=" " ind2=" ">
    <subfield code="a">pcc</subfield>
  </datafield>
  <datafield tag="082" ind1="0" ind2="0">
    <subfield code="a">530.143</subfield>
    <subfield code="b">SCH</subfield>
  </datafield>
  <datafield tag="100" ind1="1" ind2=" ">
    <subfield code="a">Schwartz, Matthew Dean,</subfield>
    <subfield code="d">1976-</subfield>
    <subfield code="9">3670</subfield>
  </datafield>
  <datafield tag="245" ind1="1" ind2="0">
    <subfield code="a">Quantum field theory and the standard model /</subfield>
    <subfield code="c">Matthew D. Schwartz, Harvard University.</subfield>
  </datafield>
  <datafield tag="264" ind1=" " ind2="1">
    <subfield code="a">New York :</subfield>
    <subfield code="b">Cambridge University Press,</subfield>
    <subfield code="c">2014.</subfield>
  </datafield>
  <datafield tag="300" ind1=" " ind2=" ">
    <subfield code="a">xviii, 850 pages :</subfield>
    <subfield code="b">illustrations ;</subfield>
    <subfield code="c">26 cm</subfield>
  </datafield>
  <datafield tag="336" ind1=" " ind2=" ">
    <subfield code="a">text</subfield>
    <subfield code="2">rdacontent</subfield>
  </datafield>
  <datafield tag="337" ind1=" " ind2=" ">
    <subfield code="a">unmediated</subfield>
    <subfield code="2">rdamedia</subfield>
  </datafield>
  <datafield tag="338" ind1=" " ind2=" ">
    <subfield code="a">volume</subfield>
    <subfield code="2">rdacarrier</subfield>
  </datafield>
  <datafield tag="504" ind1=" " ind2=" ">
    <subfield code="a">Includes bibliographical references (pages 834-841) and index.</subfield>
  </datafield>
  <datafield tag="505" ind1="8" ind2=" ">
    <subfield code="a">Machine generated contents note: Part I. Field Theory: 1. Microscopic theory of radiation; 2. Lorentz invariance and second quantization; 3. Classical Field Theory; 4. Old-fashioned perturbation theory; 5. Cross sections and decay rates; 6. The S-matrix and time-ordered products; 7. Feynman rules; Part II. Quantum Electrodynamics: 8. Spin 1 and gauge invariance; 9. Scalar QED; 10. Spinors; 11. Spinor solutions and CPT; 12. Spin and statistics; 13. Quantum electrodynamics; 14. Path integrals; Part III. Renormalization: 15. The Casimir effect; 16. Vacuum polarization; 17. The anomalous magnetic moment; 18. Mass renormalization; 19. Renormalized perturbation theory; 20. Infrared divergences; 21. Renormalizability; 22. Non-renormalizable theories; 23. The renormalization group; 24. Implications of Unitarity; Part IV. The Standard Model: 25. Yang-Mills theory; 26. Quantum Yang-Mills theory; 27. Gluon scattering and the spinor-helicity formalism; 28. Spontaneous symmetry breaking; 29. Weak interactions; 30. Anomalies; 31. Precision tests of the standard model; 32. QCD and the parton model; Part V. Advanced Topics: 33. Effective actions and Schwinger proper time; 34. Background fields; 35. Heavy-quark physics; 36. Jets and effective field theory; Appendices; References; Index.</subfield>
  </datafield>
  <datafield tag="520" ind1=" " ind2=" ">
    <subfield code="a">"Providing a comprehensive introduction to quantum field theory, this textbook covers the development of particle physics from its foundations to the discovery of the Higgs boson. Its combination of clear physical explanations, with direct connections to experimental data, and mathematical rigor make the subject accessible to students with a wide variety of backgrounds and interests. Assuming only an undergraduate-level understanding of quantum mechanics, the book steadily develops the Standard Model and state-of-the art calculation techniques. It includes multiple derivations of many important results, with modern methods such as effective field theory and the renormalization group playing a prominent role. Numerous worked examples and end-of-chapter problems enable students to reproduce classic results and to master quantum field theory as it is used today. Based on a course taught by the author over many years, this book is ideal for an introductory to advanced quantum field theory sequence or for independent study"--</subfield>
    <subfield code="c">Provided by publisher.</subfield>
  </datafield>
  <datafield tag="520" ind1=" " ind2=" ">
    <subfield code="a">"Lorentz invariance and second quantization In the previous chapter, we saw that by treating each mode of electromagnetic radiation in a cavity a simple harmonic oscillator, we can derive Einstein's relation between the coefficients of induced and spontaneous emission without resorting to statistical mechanics. "--</subfield>
    <subfield code="c">Provided by publisher.</subfield>
  </datafield>
  <datafield tag="650" ind1=" " ind2="0">
    <subfield code="a">Quantum field theory</subfield>
    <subfield code="v">Textbooks.</subfield>
    <subfield code="9">3546</subfield>
  </datafield>
  <datafield tag="650" ind1=" " ind2="0">
    <subfield code="a">Particles (Nuclear physics)</subfield>
    <subfield code="v">Textbooks.</subfield>
    <subfield code="9">3671</subfield>
  </datafield>
  <datafield tag="650" ind1=" " ind2="7">
    <subfield code="a">SCIENCE / Mathematical Physics.</subfield>
    <subfield code="2">bisacsh</subfield>
    <subfield code="9">3672</subfield>
  </datafield>
  <datafield tag="906" ind1=" " ind2=" ">
    <subfield code="a">7</subfield>
    <subfield code="b">cbc</subfield>
    <subfield code="c">orignew</subfield>
    <subfield code="d">1</subfield>
    <subfield code="e">ecip</subfield>
    <subfield code="f">20</subfield>
    <subfield code="g">y-gencatlg</subfield>
  </datafield>
  <datafield tag="942" ind1=" " ind2=" ">
    <subfield code="2">ddc</subfield>
    <subfield code="c">BK</subfield>
  </datafield>
  <datafield tag="952" ind1=" " ind2=" ">
    <subfield code="0">0</subfield>
    <subfield code="1">0</subfield>
    <subfield code="2">ddc</subfield>
    <subfield code="4">0</subfield>
    <subfield code="7">3</subfield>
    <subfield code="8">REF</subfield>
    <subfield code="a">IITGCL</subfield>
    <subfield code="b">IITGCL</subfield>
    <subfield code="c">REF</subfield>
    <subfield code="d">2026-02-06</subfield>
    <subfield code="e">International Book Agency</subfield>
    <subfield code="g">8892.00</subfield>
    <subfield code="l">0</subfield>
    <subfield code="o">530.143 SCH</subfield>
    <subfield code="p">4610</subfield>
    <subfield code="r">2026-02-06 16:04:42</subfield>
    <subfield code="t">1</subfield>
    <subfield code="v">8892.00</subfield>
    <subfield code="w">2026-02-06</subfield>
    <subfield code="y">REF</subfield>
    <subfield code="z">IN386/25-26||02-02-2026||39.30%||GBP 71.00</subfield>
  </datafield>
  <datafield tag="999" ind1=" " ind2=" ">
    <subfield code="c">1869</subfield>
    <subfield code="d">1869</subfield>
  </datafield>
</record>
